| 000 | 00622nam a2200229 a 4500 | ||
|---|---|---|---|
| 001 | 000048147 | ||
| 003 | DO-SdBNP | ||
| 005 | 20240626095013.0 | ||
| 007 | ta | ||
| 008 | 240626s2007 dr 000 spa d | ||
| 040 |
_aDO-SdBNP _bspa _cBNPHU _erda |
||
| 082 |
_222 _bM689 |
||
| 245 | _aModelo educativo Universidad del Caribe - MEDUC | ||
| 264 |
_aSanto Domingo : _bUNICARIBE, _c2007 |
||
| 300 |
_a64 paginas. ; _c22 cm. |
||
| 336 |
_2rdacontent _atexto _btxt |
||
| 337 |
_2rdamedia _asin mediación _bn |
||
| 338 |
_2rdacarrier _avolumen _bnc |
||
| 590 | _aInventariado, 2024 / DG | ||
| 910 | _aDG | ||
| 942 |
_2ddc _cLBS1 |
||
| 999 |
_c57003 _d57003 |
||